Central Library OPAC University of Rajshahi

Autumn brocade = (Record no. 63162)

MARC details
000 -LEADER
fixed length control field 00849nam a2200277 a 4500
001 - CONTROL NUMBER
control field 63162
003 - CONTROL NUMBER IDENTIFIER
rucl marc code BD-RjUL
005 - DATE AND TIME OF LATEST TRANSACTION
control field 20211209081151.0
008 - FIXED-LENGTH DATA ELEMENTS--GENERAL INFORMATION
fixed length control field 170128s2005 nyu 000 1 eng d
020 ## - INTERNATIONAL STANDARD BOOK NUMBER
International Standard Book Number 0811216330 (alk. paper)
035 ## - SYSTEM CONTROL NUMBER
System control number (BD-RjUL)63290
040 ## - CATALOGING SOURCE
Original cataloging agency DLC
Language of cataloging eng
Transcribing agency DLC
Modifying agency BD-RjUL
041 1# - LANGUAGE CODE
Language code of text/sound track or separate title eng
Language code of original jpn
082 00 - DEWEY DECIMAL CLASSIFICATION NUMBER
Classification number 895.635
Edition number 22
Author mark and year MIK 2005
100 1# - MAIN ENTRY--PERSONAL NAME
Personal name Miyamoto, Teru.
9 (RLIN) 187956
245 10 - TITLE STATEMENT
Title Autumn brocade =
Remainder of title Kinshu /
Statement of responsibility, etc. Teru Miyamoto ; translated from the Japanese by Roger K. Thomas.
246 31 - VARYING FORM OF TITLE
Title proper/short title Kinshu
260 ## - PUBLICATION, DISTRIBUTION, ETC. (IMPRINT)
Place of publication, distribution, etc. New York, N.Y. :
Name of publisher, distributor, etc. New Directions Book,
Date of publication, distribution, etc. 2005.
300 ## - PHYSICAL DESCRIPTION
Pagination 196 p. ;
Size 19 cm.
650 ## - SUBJECT ADDED ENTRY--TOPICAL TERM
Topical term or geographic name as entry element Divorced people
Form subdivision Fiction.
9 (RLIN) 187957
Topical term or geographic name as entry element Powieść japońska
Chronological subdivision 21 w.
9 (RLIN) 187958
Topical term or geographic name as entry element Divorced people.
9 (RLIN) 187959
700 1# - ADDED ENTRY--PERSONAL NAME
Personal name Thomas, Roger K.
942 ## - ADDED ENTRY ELEMENTS (KOHA)
Source of classification or shelving scheme Dewey Decimal Classification
Koha item type Books
Holdings
Lost status Source of classification or shelving scheme Damaged status Not for loan Collection code Permanent Location Current Location Shelving location Date acquired Total Checkouts Full call number Date last seen Copy number Koha item type
  Dewey Decimal Classification   Not For Loan Fiction Central Library, University of Rajshahi Central Library, University of Rajshahi Reading Room 11/12/2006   895.635 MIK 2005 28/01/2017 C-1 Books